[Event "POL-chT 2nd League"]
[Site "Jastrzebia Gora"]
[Date "2022.09.03"]
[Round "1.119"]
[White "Wypych, Dominik"]
[Black "Jajte Pachota, Jerzy"]
[Result "1-0"]
[WhiteElo "1997"]
[BlackElo "1817"]
[PlyCount "93"]
[EventDate "2022.09.03"]
[EventType "team-swiss"]
[EventRounds "9"]
[EventCountry "POL"]
[SourceTitle "CBM 210 Extra"]
[Source "ChessBase"]
[SourceDate "2022.11.30"]
[SourceVersion "1"]
[SourceVersionDate "2022.11.30"]
[SourceQuality "1"]
[WhiteTeam "Plock Hetman"]
[BlackTeam "Krakow Cracovia"]
[WhiteTeamCountry "POL"]
[BlackTeamCountry "POL"]

1. d4 d5 2. c4 c6 3. Nf3 Nf6 4. e3 Bg4 5. Qb3 Qb6 6. Ne5 Qxb3 7. axb3 Bf5 8. Nc3 e6 9. c5 Nbd7 10. Nxd7 Kxd7 11. b4 Be7 12. b5 Bc2 13. Be2 Ne4 14. Na2 Ba4 15. f3 Nf6 16. Nc3 Bxb5 17. Nxb5 cxb5 18. Bxb5+ Kc7 19. Bd2 Rhb8 20. b4 Ne8 21. Ra2 a6 22. Bd3 Kc6 23. Ke2 Nc7 24. Rha1 Rf8 25. Ra5 Rae8 26. Rb1 Nb5 27. Be1 Bd8 28. Ra2 Bc7 29. f4 h6 30. Kf3 f6 31. Rba1 e5 32. Rxa6+ bxa6 33. Rxa6+ Kb7 34. Bxb5 exd4 35. Bxe8 Kxa6 36. b5+ Ka7 37. Bc6 d3 38. Bxd5 Rd8 39. b6+ Bxb6 40. cxb6+ Kxb6 41. e4 Kc5 42. Ke3 f5 43. Bc3 fxe4 44. Bxe4 Kc4 45. Kd2 Rd7 46. h4 h5 47. Be5 1-0

[Event "Krakow op-B 29th"]
[Site "Krakow"]
[Date "2018.12.31"]
[Round "6"]
[White "Jajte Pachota, Jerzy"]
[Black "Libura, Julianna"]
[Result "1/2-1/2"]
[WhiteElo "1905"]
[BlackElo "1587"]
[PlyCount "88"]
[EventDate "2018.12.27"]
[EventType "swiss"]
[EventRounds "9"]
[EventCountry "POL"]
[SourceTitle "CBM 189 Extra"]
[Source "ChessBase"]
[SourceDate "2019.06.03"]
[SourceVersion "1"]
[SourceVersionDate "2019.06.03"]
[SourceQuality "1"]

1. e4 c5 2. Bc4 a6 3. a4 Nc6 4. d3 e6 5. Nc3 Nf6 6. Bg5 Be7 7. Nge2 0-0 8. Qc1 d6 9. 0-0 b6 10. f4 h6 11. Bxf6 Bxf6 12. Kh1 Nd4 13. Nxd4 Bxd4 14. Nd1 d5 15. Bb3 dxe4 16. dxe4 Bf6 17. Nf2 Bb7 18. c3 Qc7 19. Qe3 Rad8 20. Bc2 Rfe8 21. Ng4 Be7 22. Qg3 Kh8 23. Qh3 Bf8 24. Qe3 Be7 25. Qh3 Bf8 26. Qe3 Be7 27. Rad1 Kg8 28. Qg3 Kh8 29. Ne5 Bf6 30. Ng4 Be7 31. Qh3 Rxd1 32. Bxd1 Bxe4 33. Ne5 Bf6 34. Qe3 Bf5 35. Ng4 Bxg4 36. Bxg4 Rd8 37. Be2 a5 38. Rd1 Rxd1+ 39. Bxd1 Qd6 40. Bc2 g6 41. Kg1 Kg7 42. Kf2 Qd5 43. Qe2 Qd6 44. Kf3 Qc6+ 1/2-1/2

[Event "Krakow op-B 29th"]
[Site "Krakow"]
[Date "2018.12.27"]
[Round "1"]
[White "Szlosarczyk, Hubert"]
[Black "Jajte Pachota, Jerzy"]
[Result "0-1"]
[WhiteElo "1600"]
[BlackElo "1905"]
[PlyCount "110"]
[EventDate "2018.12.27"]
[EventType "swiss"]
[EventRounds "9"]
[EventCountry "POL"]
[SourceTitle "CBM 189 Extra"]
[Source "ChessBase"]
[SourceDate "2019.06.03"]
[SourceVersion "1"]
[SourceVersionDate "2019.06.03"]
[SourceQuality "1"]

1. d4 c6 2. c4 d5 3. Nf3 Nf6 4. Nc3 e6 5. Bg5 dxc4 6. a4 Be7 7. e3 Nd5 8. Bxe7 Qxe7 9. Bxc4 Qb4 10. Qb3 Qxb3 11. Bxb3 Nd7 12. 0-0 0-0 13. Rfd1 b6 14. e4 N5f6 15. d5 Nc5 16. Bc2 cxd5 17. exd5 Nxd5 18. Nxd5 exd5 19. Rxd5 Bb7 20. Rd2 Bxf3 21. gxf3 Rfd8 22. Rad1 Ne6 23. Be4 Rxd2 24. Rxd2 Rd8 25. Rxd8+ Nxd8 26. Bd5 Kf8 27. Kf1 Ke7 28. Ke2 Kd6 29. Be4 h6 30. Kd3 Ne6 31. Kc4 g5 32. Bd5 Nc5 33. b3 Nxb3 34. Bxf7 Nd2+ 35. Kb5 Nxf3 36. Ka6 Nxh2 37. Kxa7 Kc5 38. Bh5 Nf1 39. Kb7 Nd2 40. Kc7 Ne4 41. f3 Nf6 42. Bg4 h5 43. Bh3 Nd5+ 44. Kb7 Nf4 45. Bf1 h4 46. Kc7 h3 47. Bxh3 Nxh3 48. Kd7 Ng1 49. Ke6 Nxf3 50. Kf5 Kb4 51. Kg4 Kxa4 52. Kxf3 b5 53. Kg4 b4 54. Kxg5 b3 55. Kg4 b2 0-1

[Event "Krakow-ch rapid"]
[Site "Krakow"]
[Date "2018.06.17"]
[Round "9"]
[White "Jajte Pachota, Jerzy"]
[Black "Jaskolka, Tomasz"]
[Result "0-1"]
[WhiteElo "1905"]
[BlackElo "2115"]
[PlyCount "170"]
[EventDate "2018.06.16"]
[EventType "swiss (rapid)"]
[EventRounds "9"]
[EventCountry "POL"]
[SourceTitle "CBM 184 Extra"]
[Source "ChessBase"]
[SourceDate "2018.06.28"]
[SourceVersion "1"]
[SourceVersionDate "2018.06.28"]
[SourceQuality "1"]

1. e4 e6 2. d4 d5 3. exd5 exd5 4. Bd3 Bd6 5. Ne2 Ne7 6. Bf4 Bf5 7. 0-0 0-0 8. Bxd6 Qxd6 9. Ng3 Bg6 10. Na3 c6 11. c3 Nd7 12. Nc2 f5 13. f3 Rae8 14. Qd2 c5 15. dxc5 Qxc5+ 16. Nd4 Nc6 17. Nge2 Nde5 18. Rad1 Nc4 19. Bxc4 dxc4 20. Nf4 Rf6 21. Qf2 Bf7 22. Nxc6 Rxc6 23. Rfe1 Rxe1+ 24. Rxe1 Qxf2+ 25. Kxf2 Rd6 26. g3 g5 27. Ng2 Kg7 28. Ne3 Kf6 29. Rd1 Rb6 30. Rd2 Be6 31. Ng2 Ra6 32. a3 b5 33. f4 h6 34. Ne1 Rb6 35. Nc2 a5 36. Ke3 Ke7 37. Kd4 Kd6 38. Ke3+ Kc5 39. Rd8 Bd5 40. Nd4 Be4 41. Rc8+ Kd6 42. Rh8 Ke7 43. Rh7+ Kf8 44. Rc7 b4 45. axb4 axb4 46. Rxc4 bxc3 47. bxc3 Rb2 48. fxg5 hxg5 49. Ne6+ Ke7 50. Nxg5 Bd5 51. Rd4 Bb7 52. h4 Rg2 53. Kf4 Rf2+ 54. Ke5 Bc8 55. Rc4 Bd7 56. Rd4 Re2+ 57. Kf4 Rf2+ 58. Nf3 Bc6 59. Rd3 Be4 60. Re3 Kf6 61. g4 Rf1 62. Kg3 Kg6 63. gxf5+ Bxf5 64. Nd4 Bd7 65. Re7 Bc8 66. Nf3 Rc1 67. Re3 Kf5 68. Nd4+ Kf6 69. Nb5 Bd7 70. Nd6 Rh1 71. Ne4+ Kg6 72. Nf2 Rg1+ 73. Kf4 Rf1 74. Re2 Rc1 75. Ne4 Bc6 76. Re3 Rf1+ 77. Ke5 Rc1 78. Rg3+ Kh5 79. Kf4 Rf1+ 80. Rf3 Rxf3+ 81. Kxf3 Kxh4 82. Kf4 Kh5 83. Kf5 Kh6 84. Nc5 Kg7 85. Ke6 Kf8 0-1

[Event "Krakow op-B 28th"]
[Site "Krakow"]
[Date "2018.01.04"]
[Round "9"]
[White "Jajte Pachota, Jerzy"]
[Black "Czarkowski, Tomasz"]
[Result "0-1"]
[WhiteElo "1918"]
[BlackElo "1841"]
[PlyCount "112"]
[EventDate "2017.12.27"]
[EventType "swiss"]
[EventRounds "9"]
[EventCountry "POL"]
[SourceTitle "CBM 182 Extra"]
[Source "ChessBase"]
[SourceDate "2018.02.23"]
[SourceVersion "1"]
[SourceVersionDate "2018.02.23"]
[SourceQuality "1"]

1. e4 e6 2. d4 d5 3. exd5 exd5 4. Bd3 Bd6 5. Qh5 h6 6. Nd2 Nf6 7. Qe2+ Be6 8. Ngf3 0-0 9. 0-0 Re8 10. Re1 Nbd7 11. Qd1 c5 12. c3 c4 13. Bc2 Qc7 14. h3 Nh5 15. Ng5 hxg5 16. Qxh5 Bf5 17. Rxe8+ Rxe8 18. Be4 Nf6 19. Qxg5 Bxe4 20. Nxe4 Nxe4 21. Qg4 Bh2+ 22. Kf1 Nf6 23. Qf5 Qe7 24. Be3 Qe4 25. Qxe4 Rxe4 26. Bg5 Bd6 27. Bxf6 gxf6 28. f3 Re6 29. Kf2 Bf4 30. g3 Be3+ 31. Kf1 Rb6 32. Ke2 Bh6 33. Rb1 a5 34. a4 f5 35. f4 Re6+ 36. Kd2 Rg6 37. b3 Rxg3 38. bxc4 Bxf4+ 39. Kc2 dxc4 40. Rxb7 Rg2+ 41. Kd1 Rd2+ 42. Ke1 Rc2 43. Rb5 Bg3+ 44. Kf1 f4 45. Rxa5 Rxc3 46. Rc5 Kf8 47. Kg2 Bh4 48. Rf5 f3+ 49. Rxf3 Rxf3 50. Kxf3 Bf6 51. d5 Ke7 52. a5 Kd6 53. Ke4 Kc5 54. a6 Kb6 55. Kf5 Bd8 56. a7 Kxa7 0-1

[Event "Krakow op-B 28th"]
[Site "Krakow"]
[Date "2018.01.03"]
[Round "8"]
[White "Staberhofer, Rainer"]
[Black "Jajte Pachota, Jerzy"]
[Result "1-0"]
[WhiteElo "2027"]
[BlackElo "1918"]
[PlyCount "39"]
[EventDate "2017.12.27"]
[EventType "swiss"]
[EventRounds "9"]
[EventCountry "POL"]
[SourceTitle "CBM 182 Extra"]
[Source "ChessBase"]
[SourceDate "2018.02.23"]
[SourceVersion "1"]
[SourceVersionDate "2018.02.23"]
[SourceQuality "1"]

1. e4 c6 2. d4 d5 3. Nc3 e6 4. f4 Bb4 5. e5 c5 6. a3 cxd4 7. axb4 dxc3 8. Qg4 cxb2 9. Bxb2 g6 10. Qh3 Bd7 11. b5 Ne7 12. Nf3 Nf5 13. g4 Ng7 14. Qh6 Kf8 15. Bd4 Qe8 16. c4 dxc4 17. Ng5 Kg8 18. Ne4 Qc8 19. Bc5 Ne8 20. Qf8# 1-0

[Event "Krakow op-B 28th"]
[Site "Krakow"]
[Date "2017.12.30"]
[Round "5"]
[White "Jajte Pachota, Jerzy"]
[Black "Van Steenkiste, Luc"]
[Result "1-0"]
[WhiteElo "1918"]
[BlackElo "1825"]
[PlyCount "79"]
[EventDate "2017.12.27"]
[EventType "swiss"]
[EventRounds "9"]
[EventCountry "POL"]
[SourceTitle "CBM 182 Extra"]
[Source "ChessBase"]
[SourceDate "2018.02.23"]
[SourceVersion "1"]
[SourceVersionDate "2018.02.23"]
[SourceQuality "1"]

1. e4 d5 2. exd5 Nf6 3. Bc4 Nxd5 4. Ne2 Nc6 5. Nbc3 Nxc3 6. Nxc3 Bf5 7. d3 e5 8. Be3 Be7 9. Qf3 Bg6 10. Bb5 Qd6 11. 0-0 0-0 12. Bxc6 bxc6 13. Qe2 Rfe8 14. f3 f5 15. Rfd1 a5 16. Rab1 Bf6 17. Qf2 Be7 18. b3 Qe6 19. Na4 e4 20. dxe4 fxe4 21. f4 Rad8 22. h3 Bh5 23. Rxd8 Rxd8 24. g4 Be8 25. Qe2 h5 26. Rd1 Rxd1+ 27. Qxd1 Bd7 28. f5 Qe5 29. Qe1 Bd6 30. Qf2 hxg4 31. hxg4 g6 32. fxg6 Qg3+ 33. Qxg3 Bxg3 34. Kg2 Be5 35. Kh3 Bd6 36. Kh4 Be8 37. Kh5 Be5 38. Nc5 Kg7 39. Bh6+ Kg8 40. Nxe4 1-0

[Event "Krakow op-B 28th"]
[Site "Krakow"]
[Date "2017.12.30"]
[Round "4"]
[White "Rudzinska, Michalina"]
[Black "Jajte Pachota, Jerzy"]
[Result "1-0"]
[WhiteElo "2023"]
[BlackElo "1918"]
[PlyCount "131"]
[EventDate "2017.12.27"]
[EventType "swiss"]
[EventRounds "9"]
[EventCountry "POL"]
[SourceTitle "CBM 182 Extra"]
[Source "ChessBase"]
[SourceDate "2018.02.23"]
[SourceVersion "1"]
[SourceVersionDate "2018.02.23"]
[SourceQuality "1"]

1. e4 c6 2. d4 d5 3. Nc3 e6 4. Nf3 dxe4 5. Nxe4 Nd7 6. Bd3 Ngf6 7. Nxf6+ Nxf6 8. 0-0 Bd6 9. Bg5 h6 10. Bh4 b6 11. Ne5 Bb7 12. Qf3 Be7 13. Be4 0-0 14. Bxc6 Bxc6 15. Nxc6 Qd7 16. Nxe7+ Qxe7 17. Rfe1 g5 18. Bg3 Rac8 19. c3 Rfd8 20. h4 g4 21. Qe3 Kh7 22. Qd3+ Kg8 23. Re5 Rd5 24. Qe2 Rcd8 25. Re1 h5 26. Qe3 Rxe5 27. dxe5 Ne8 28. Qh6 Ng7 29. Bf4 Qc5 30. g3 Rd3 31. Qg5 Qd5 32. Bc1 Kf8 33. b3 Rd1 34. Ba3+ Kg8 35. Rxd1 Qxd1+ 36. Kh2 Qe2 37. Qd8+ Kh7 38. Qf6 Kg8 39. Bc1 Qxa2 40. Kg2 Qe2 41. Qf4 Qd1 42. b4 b5 43. Be3 a6 44. Bc5 Qd3 45. Bd4 Kh7 46. Qxf7 Qe4+ 47. Kh2 Qf5 48. Qb7 Qf3 49. Qxa6 Qe2 50. Qa7 Kg6 51. Qe7 Qf3 52. Qg5+ Kf7 53. Bc5 Qxc3 54. Qf6+ Kg8 55. Bf8 Qc7 56. Bxg7 Qxg7 57. Qxe6+ Qf7 58. Qb6 Qf5 59. Qd4 Qf7 60. Kg1 Qb7 61. Qd8+ Kg7 62. Qg5+ Kf8 63. Qxh5 Qe4 64. Qh8+ Kf7 65. Qf6+ Ke8 66. e6 1-0

[Event "Krakow op-B 28th"]
[Site "Krakow"]
[Date "2017.12.28"]
[Round "2"]
[White "Skomial, Mateusz"]
[Black "Jajte Pachota, Jerzy"]
[Result "1-0"]
[WhiteElo "2043"]
[BlackElo "1918"]
[PlyCount "147"]
[EventDate "2017.12.27"]
[EventType "swiss"]
[EventRounds "9"]
[EventCountry "POL"]
[SourceTitle "CBM 182 Extra"]
[Source "ChessBase"]
[SourceDate "2018.02.23"]
[SourceVersion "1"]
[SourceVersionDate "2018.02.23"]
[SourceQuality "1"]

1. e4 c6 2. d4 d5 3. Nd2 Nd7 4. Bd3 dxe4 5. Nxe4 Ngf6 6. Nxf6+ Nxf6 7. Ne2 Bg4 8. c3 e6 9. Bg5 Be7 10. Qc2 Nd5 11. Bd2 Bxe2 12. Bxe2 Bg5 13. g3 Bxd2+ 14. Qxd2 Rc8 15. 0-0-0 0-0 16. Kb1 Qa5 17. c4 Qxd2 18. Rxd2 Nf6 19. Bf3 Rfd8 20. Rhd1 Kf8 21. b3 Rc7 22. Kc2 Rcd7 23. Bg2 Ng8 24. Kc3 Ne7 25. Be4 g6 26. a4 a6 27. a5 Rb8 28. f4 h5 29. b4 Rbd8 30. Rd3 Kg7 31. Bg2 Rh8 32. Re1 Rhd8 33. Bh3 Kf6 34. Re5 Kg7 35. Rc5 Kf6 36. Re5 Kg7 37. Re2 Rh8 38. Bg2 Rhd8 39. h3 Rh8 40. Be4 Rc7 41. Rdd2 Rd7 42. Rh2 Re8 43. Bc2 Red8 44. g4 hxg4 45. hxg4 Rh8 46. Rxh8 Kxh8 47. Re2 Kg7 48. Be4 Rc7 49. Bf3 Rd7 50. Re5 Rc7 51. Rc5 Rd7 52. b5 axb5 53. cxb5 Rc7 54. bxc6 bxc6 55. a6 Kf8 56. Ra5 Ra7 57. Kc4 Ke8 58. Kc5 Kd7 59. Be4 Kc7 60. Ra1 f5 61. gxf5 gxf5 62. Bf3 Ng6 63. Bxc6 Nxf4 64. Bb7 Nd3+ 65. Kb5 Rxb7+ 66. axb7 Kxb7 67. Ra3 Nf4 68. Kc5 Kc7 69. Ra7+ Kd8 70. Kd6 Ke8 71. Ke5 Ne2 72. Ra2 Nc3 73. Rc2 Nb5 74. Rc5 1-0

[Event "Krakow op-B 23rd"]
[Site "Krakow"]
[Date "2013.01.04"]
[Round "9"]
[White "Drop, Szymon"]
[Black "Jajte Pachota, Jerzy"]
[Result "1/2-1/2"]
[WhiteElo "1803"]
[BlackElo "1923"]
[PlyCount "40"]
[EventDate "2012.12.27"]
[EventType "swiss"]
[EventRounds "9"]
[EventCountry "POL"]
[SourceTitle "CBM 152 Extra"]
[Source "ChessBase"]
[SourceDate "2013.02.25"]
[SourceVersion "1"]
[SourceVersionDate "2013.02.25"]
[SourceQuality "1"]

1. e4 c6 2. d4 d5 3. Nd2 e6 4. e5 c5 5. c3 Nc6 6. Ndf3 cxd4 7. cxd4 Bb4+ 8. Bd2 Qb6 9. Bxb4 Qxb4+ 10. Qd2 Nge7 11. Bd3 Bd7 12. Ne2 Rc8 13. Rc1 Qxd2+ 14. Kxd2 0-0 15. Nc3 Na5 16. b3 Rc7 17. Nb5 Rxc1 18. Rxc1 Bxb5 19. Bxb5 Nac6 20. Bxc6 Nxc6 1/2-1/2

[Event "Krakow op-B 23rd"]
[Site "Krakow"]
[Date "2012.12.31"]
[Round "6"]
[White "Jajte Pachota, Jerzy"]
[Black "Zaboklicki, Zbigniew"]
[Result "0-1"]
[WhiteElo "1923"]
[BlackElo "1835"]
[PlyCount "62"]
[EventDate "2012.12.27"]
[EventType "swiss"]
[EventRounds "9"]
[EventCountry "POL"]
[SourceTitle "CBM 152 Extra"]
[Source "ChessBase"]
[SourceDate "2013.02.25"]
[SourceVersion "1"]
[SourceVersionDate "2013.02.25"]
[SourceQuality "1"]

1. e4 c5 2. Bc4 e6 3. Nc3 Nc6 4. d3 Na5 5. Bb3 a6 6. Nge2 b5 7. 0-0 Bb7 8. Ng3 h5 9. f4 h4 10. Nh1 c4 11. dxc4 Bc5+ 12. Nf2 Nf6 13. cxb5 axb5 14. Qe2 Nxb3 15. cxb3 b4 16. Na4 Ba6 17. Qc2 Ba7 18. h3 Bxf1 19. Kxf1 Nh5 20. Bd2 Ng3+ 21. Ke1 Rc8 22. Qd3 Qa5 23. Nd1 Bc5 24. a3 Be7 25. Ne3 Rc6 26. Nc4 Qa7 27. Be3 Qa6 28. Rd1 0-0 29. Qxd7 Rxc4 30. bxc4 Qxc4 31. Qd3 Qc6 0-1

[Event "Krakow op-B 23rd"]
[Site "Krakow"]
[Date "2012.12.30"]
[Round "5"]
[White "Rychlik, Bogdan"]
[Black "Jajte Pachota, Jerzy"]
[Result "0-1"]
[WhiteElo "1829"]
[BlackElo "1923"]
[PlyCount "32"]
[EventDate "2012.12.27"]
[EventType "swiss"]
[EventRounds "9"]
[EventCountry "POL"]
[SourceTitle "CBM 152 Extra"]
[Source "ChessBase"]
[SourceDate "2013.02.25"]
[SourceVersion "1"]
[SourceVersionDate "2013.02.25"]
[SourceQuality "1"]

1. e4 c6 2. d4 d5 3. Nd2 e6 4. Ngf3 dxe4 5. Nxe4 Nd7 6. Bd3 Ngf6 7. Nxf6+ Nxf6 8. 0-0 Be7 9. Re1 b6 10. Qe2 0-0 11. c3 Re8 12. Ne5 Bd7 13. Bf4 Nd5 14. Bxh7+ Kxh7 15. Qh5+ Kg8 16. Qxf7+ Kh7 0-1

[Event "Chojnice op-B 3rd"]
[Site "Chojnice"]
[Date "2007.07.14"]
[Round "1.17"]
[White "Jajte Pachota, Jerzy"]
[Black "Jastrzebski, Wlodzimierz"]
[Result "1-0"]
[WhiteElo "1800"]
[BlackElo "1793"]
[PlyCount "98"]
[EventDate "2007.07.13"]
[EventType "swiss"]
[EventRounds "9"]
[EventCountry "POL"]
[SourceTitle "EXT 2023"]
[Source "ChessBase"]
[SourceDate "2022.10.05"]
[SourceVersion "1"]
[SourceVersionDate "2022.10.05"]
[SourceQuality "1"]

1. e4 c5 2. Bc4 e6 3. Nc3 Nc6 4. a3 Nf6 5. d3 d5 6. exd5 exd5 7. Ba2 Be7 8. Nge2 0-0 9. 0-0 Re8 10. Bg5 Be6 11. Nf4 h6 12. Bxf6 Bxf6 13. Nfxd5 Bxd5 14. Bxd5 Bxc3 15. Bxc6 Bxb2 16. Bxe8 Bxa1 17. Bxf7+ Kxf7 18. Qxa1 Qd5 19. Re1 Rd8 20. Re5 Qd4 21. Qxd4 cxd4 22. Rc5 Rd7 23. f4 Ke6 24. Kf2 Kd6 25. Rc8 Re7 26. h3 b5 27. c3 dxc3 28. Rxc3 Kd5 29. Rc8 Kd4 30. Rb8 Kxd3 31. Rxb5 Rf7 32. Kf3 Kc4 33. a4 Rf6 34. Rb7 g5 35. g3 gxf4 36. gxf4 Ra6 37. Re7 Kd5 38. Re5+ Kd6 39. a5 Kd7 40. Kg4 Rf6 41. Rf5 Ra6 42. Re5 Rf6 43. f5 Kd6 44. Re6+ Rxe6 45. fxe6 Kxe6 46. Kh5 a6 47. Kxh6 Kf5 48. Kg7 Kg5 49. Kf7 Kh4 1-0